Koncert v duchu Turíc pre dnešok

Bibliographic Details
Main Author: Kmeť, Vladislav, 1950- (Author)
Format: Article
Language:Hungarian
Slovak
PhysicalDescription:Fotogr.
ISSN:1336-3638
Subjects:

MARC

LEADER 00000nab a2200000 a 4500
001 vtls011588580
003 SK-MaSNL
005 20260303184529.0
008 161024|2016 xo w| 000 0|hun
015 |a SNBRB2016/10 
038 |a DSZK 
040 |a DSZK  |b slo  |c DSZK  |e AACR2 
041 |a slo  |a hun 
044 |a xo  |c SK 
080 |a 78.087.68  |x (437.615)  |2 2011 
080 |a 27‑565.73  |2 2011 
100 1 |a Kmeť, Vladislav,  |d 1950-  |4 aut  |9 338580 
245 1 0 |a Koncert v duchu Turíc pre dnešok  |c Vladislav Kmeť 
300 |b Fotogr. 
610 2 7 |a Spevácky zbor Lajosa Bárdosa (Veľký Meder, Slovensko)  |2 dszk  |9 1214680 
610 2 7 |a Kostol sv. Mikuláša (Veľký Meder, Slovensko)  |2 dszk  |9 1214681 
650 0 7 |a Turíce  |2 SNKPH  |9 14957 
650 0 7 |a koncerty  |2 dszk  |9 19182 
651 7 |a Veľký Meder (Slovensko)  |2 SNKPH  |9 19224 
773 0 |t Csallóköz=Žitný ostrov  |g Évf. 56, sz. 20 (2016), o. 12  |x 1336-3638 
852 |a DSZK  |b KIS3GCP 
856 |a http://www.csallokoz.sk 
958 |a SK 
999 |c 2127113  |d 2129043